| 000 | 01320nam a2200409 i 4500 | ||
|---|---|---|---|
| 001 | 40507 | ||
| 003 | KOSZ 005 | ||
| 005 | 20191024130942.0 | ||
| 008 | 011207s2001 pl a f f |000 0 pol | ||
| 015 | _aPB 2001/20057 | ||
| 020 | _a8301135182 | ||
| 040 |
_aWA N _cWA N _dKOSZ 005/HR |
||
| 041 | 0 | _apol | |
| 046 | _k2001 | ||
| 080 | _a624.131 | ||
| 080 | _a(075.8) | ||
| 100 | 1 |
_aPisarczyk, Stanisław _d(1937- ) _eAutor |
|
| 245 | 1 | 0 |
_aGruntoznawstwo inżynierskie / _cStanisław Pisarczyk. |
| 260 |
_aWarszawa : _bWydaw. Naukowe PWN, _c2001. |
||
| 300 |
_a346, [2] s. : _bil. ; _c24 cm. |
||
| 336 |
_2rdacontent _aTekst _btxt |
||
| 337 |
_2rdamedia _aBez urządzenia pośredniczącego _bn |
||
| 338 |
_2rdacarrier _aWolumin _bnc |
||
| 380 | _aKsiążki | ||
| 380 | _aPublikacje fachowe | ||
| 380 | _aPublikacje dydaktyczne | ||
| 385 |
_mPoziom nauczania _aSzkoły wyższe |
||
| 388 | _a2001- | ||
| 504 | _aBibliogr., normy. | ||
| 658 | _aArchitektura i budownictwo | ||
| 655 | 4 | _aPodręczniki akademickie | |
| 650 | 4 | _aGeologia inżynierska | |
| 710 | 2 |
_aWydawnictwo Naukowe PWN _4pbl. |
|
| 856 | 4 | 1 |
_uhttp://koha.tu.koszalin.pl/cgi-bin/koha/opac-detail.pl?biblionumber=40507 _zKatalog online BPK |
| 856 | 4 | 1 |
_uhttp://libra.ibuk.pl/book/147140 _zIBUK |
| 942 |
_2UKD _cKS |
||
| 999 |
_c40507 _d40507 |
||